000 00545nam a22001817a 4500
003 OSt
008 200709b ||||| |||| 00| 0 eng d
020 _a 9789388194136
082 _a610.28 USP
100 _aUsman, Rageeb,
245 _aPharmaceutical Engineering
250 _a2018
260 _aN Delhi
_bNirali Prakashan
_c2018
300 _a11.22
650 _aPharmaceutics- Drug Delivery Systems,Pharmaceutical Engineering regulraty Science
700 _aVaibhavkumar A. Jagtap, Atish A. Salunkhe and Neelesh Chaubey
942 _2ddc
_cBK
999 _c8746
_d8746